000 00600nam a2200241Ia 4500
001 1446
003 2859
005 20241011062628.0
008 ||||||n9999 ||| || ||
041 _aspa
082 _219
_a303
100 _aDelgado Guzman, Alvaro
_92830
245 0 _aLuchas sociales en el Caqueta
260 _aBogotá :
_bColombia Nueva,
_c1987.
300 _a189p
562 _e2
650 0 _aLuchas sociales
_92040
650 _aMOVIMIENTOS GUERRILLEROS
_92670
650 0 _aVIOLENCIA--ASPECTOS SOCIALES
_y1998
_982087
942 _cBKM
999 _c1446
_d1446
526 _a105630
526 _a1698